000 00486nam a2200157Ia 4500
008 220531s9999 xx 000 0 und d
041 _amar
100 _aघाटोळे रा. ना.
_939477
245 _aसमाजशास्‍त्रीय संशोधन : तत्‍वे व पध्‍दती
260 _bMangesh
_c1995
300 _a247
542 _d15-07-1998
650 _aSociology
_939478
906 _d1998-1999
_f6378
999 _c23808
_d23808